[Event "SVK-chT2A 2324"]
[Site "Slovakia"]
[Date "2023.11.11"]
[Round "3.6"]
[White "Lukac, Peter"]
[Black "Musaev, Matej Elbek"]
[Result "0-1"]
[WhiteElo "1600"]
[BlackElo "2082"]
[PlyCount "92"]
[EventDate "2023.10.07"]
[EventType "team-tourn"]
[EventRounds "11"]
[EventCountry "SVK"]
[SourceTitle "EXT 2025"]
[Source "ChessBase"]
[SourceDate "2024.10.14"]
[SourceVersion "1"]
[SourceVersionDate "2024.10.14"]
[SourceQuality "1"]
[WhiteTeam "Dubravan"]
[BlackTeam "Piestany Kupele"]
[WhiteTeamCountry "SVK"]
[BlackTeamCountry "SVK"]

1. d4 Nf6 2. c4 e6 3. Nc3 Bb4 4. Nf3 b6 5. Bg5 Bb7 6. a3 Bxc3+ 7. bxc3 h6 8. Bxf6 Qxf6 9. Qc2 d5 10. cxd5 exd5 11. e3 0-0 12. Be2 Nd7 13. 0-0 c5 14. Qa4 Qd6 15. h3 a6 16. Qc2 Rfc8 17. Qb2 c4 18. Qb4 Qe6 19. Nd2 Bc6 20. Rfe1 a5 21. Qb1 f5 22. Bf1 b5 23. f3 Nf6 24. e4 fxe4 25. fxe4 Nxe4 26. Nxe4 dxe4 27. Be2 Qd6 28. a4 Qd5 29. axb5 Bxb5 30. Bg4 Re8 31. Qc2 Bc6 32. Qe2 Reb8 33. Rf1 Rf8 34. Rxf8+ Rxf8 35. Qa2 Ra8 36. Qa3 Kh8 37. Rf1 Qg8 38. Qc5 Bd5 39. Ra1 a4 40. Qb5 Rb8 41. Qxa4 Rb3 42. Qa5 Rb2 43. Rf1 e3 44. Bf3 Bxf3 45. gxf3 Qe8 46. Qe5 Qg6+ 0-1

[Event "Bratislava Slovan op"]
[Site "Bratislava"]
[Date "2019.05.06"]
[Round "7"]
[White "Jambrich, Jaromir"]
[Black "Lukac, Peter"]
[Result "0-1"]
[WhiteElo "1513"]
[BlackElo "1665"]
[PlyCount "52"]
[EventDate "2019.05.01"]
[EventType "swiss"]
[EventRounds "9"]
[EventCountry "SVK"]
[SourceTitle "CBM 190 Extra"]
[Source "ChessBase"]
[SourceDate "2019.07.15"]
[SourceVersion "1"]
[SourceVersionDate "2019.07.15"]
[SourceQuality "1"]

1. e4 c5 2. Nf3 e6 3. c4 Nc6 4. Nc3 a6 5. a3 d6 6. d4 cxd4 7. Nxd4 Be7 8. g3 Nf6 9. Bg2 Qc7 10. 0-0 Nxd4 11. Qxd4 Bd7 12. Bd2 0-0 13. b3 Rac8 14. a4 h6 15. f4 d5 16. Kh1 dxc4 17. Qxc4 Qb8 18. Qd3 Bc6 19. e5 Rfd8 20. Qe2 Bxg2+ 21. Kxg2 Nd5 22. Nxd5 Rxd5 23. Rfd1 Rc2 24. Rac1 Qc8 25. Kg1 Rdxd2 26. Rxc2 Rxc2 0-1

[Event "Bratislava Slovan op"]
[Site "Bratislava"]
[Date "2019.05.05"]
[Round "6"]
[White "Strouts, Graham"]
[Black "Lukac, Peter"]
[Result "1-0"]
[WhiteElo "1934"]
[BlackElo "1665"]
[PlyCount "85"]
[EventDate "2019.05.01"]
[EventType "swiss"]
[EventRounds "9"]
[EventCountry "SVK"]
[SourceTitle "CBM 190 Extra"]
[Source "ChessBase"]
[SourceDate "2019.07.15"]
[SourceVersion "1"]
[SourceVersionDate "2019.07.15"]
[SourceQuality "1"]

1. e4 c5 2. Nf3 e6 3. d4 cxd4 4. Nxd4 Nc6 5. a3 a6 6. Nc3 Qc7 7. g3 Be7 8. Bg2 Nxd4 9. Qxd4 Bf6 10. Qd3 Ne7 11. Bf4 Bxc3+ 12. bxc3 e5 13. Be3 0-0 14. 0-0 h6 15. Rfd1 f5 16. exf5 Nxf5 17. Qd5+ Kh8 18. Bc5 d6 19. Bxd6 Nxd6 20. Qxd6 Qf7 21. Rd2 Bg4 22. Qxe5 Rae8 23. Qd5 b5 24. Qxf7 Rxf7 25. f4 Rc7 26. h3 Bh5 27. g4 Bf7 28. a4 Rxc3 29. axb5 axb5 30. Ra7 Bc4 31. Kf2 Rce3 32. Ra8 R3e7 33. Rxe8+ Rxe8 34. Bf3 Re7 35. Rd4 Kg8 36. Be4 Kf7 37. Ke3 g5 38. f5 Bf1 39. Kf3 Bxh3 40. Bd3 h5 41. gxh5 g4+ 42. Kf4 Rc7 43. h6 1-0

[Event "Bratislava Slovan op"]
[Site "Bratislava"]
[Date "2019.05.02"]
[Round "2"]
[White "Hlavac, Tomas"]
[Black "Lukac, Peter"]
[Result "0-1"]
[WhiteElo "1215"]
[BlackElo "1665"]
[PlyCount "122"]
[EventDate "2019.05.01"]
[EventType "swiss"]
[EventRounds "9"]
[EventCountry "SVK"]
[SourceTitle "CBM 190 Extra"]
[Source "ChessBase"]
[SourceDate "2019.07.15"]
[SourceVersion "1"]
[SourceVersionDate "2019.07.15"]
[SourceQuality "1"]

1. e4 c5 2. c3 e6 3. d4 cxd4 4. cxd4 Nc6 5. Nf3 a6 6. Bd3 d6 7. a3 Be7 8. 0-0 Nf6 9. Nbd2 0-0 10. Re1 h6 11. b4 b5 12. Bb2 Bb7 13. Rc1 Rc8 14. Qe2 d5 15. e5 Nd7 16. Nb3 Nb6 17. Bc3 Nc4 18. Bxc4 bxc4 19. Nc5 Bxc5 20. bxc5 Na7 21. Rb1 Bc6 22. Rb6 Nb5 23. Ba5 Qd7 24. a4 Nc7 25. Qc2 Bxa4 26. Qa2 Bb3 27. Qb2 Rb8 28. Rd6 Qc8 29. Bxc7 Qxc7 30. Rxa6 Ra8 31. Rea1 Rxa6 32. Rxa6 Rb8 33. Qa3 Bc2 34. Kf1 Rb1+ 35. Ke2 Bd3+ 36. Kd2 Qb7 37. Ke3 Rb3 38. c6 Bf5+ 39. Kf4 g5+ 40. Kg3 Qxc6 41. Ra8+ Kh7 42. Qf8 Kg6 43. Qg8+ Kh5 44. Qxf7+ Bg6 45. Qa7 Rb7 46. Qa1 c3 47. Ra2 c2 48. Qc1 Rb1 49. Qe3 c1Q 50. Nd2 Qd1 51. Nf3 Rb3 52. Qxb3 Qxb3 53. Re2 Qc1 54. Re3 Qbxe3 55. fxe3 Qxe3 56. h3 Qf4+ 57. Kf2 g4 58. h4 g3+ 59. Ke2 Qe4+ 60. Kd2 Qd3+ 61. Ke1 Qb1+ 0-1

[Event "Bratislava Slovan op"]
[Site "Bratislava"]
[Date "2018.05.02"]
[Round "8"]
[White "Pozar, Daniel"]
[Black "Lukac, Peter"]
[Result "0-1"]
[WhiteElo "1423"]
[BlackElo "1690"]
[PlyCount "122"]
[EventDate "2018.04.27"]
[EventType "swiss"]
[EventRounds "9"]
[EventCountry "SVK"]
[SourceTitle "EXT 2023"]
[Source "ChessBase"]
[SourceDate "2022.10.05"]
[SourceVersion "1"]
[SourceVersionDate "2022.10.05"]
[SourceQuality "1"]

1. Nf3 Nf6 2. d4 d5 3. e3 e6 4. c4 c6 5. Nc3 Be7 6. b3 0-0 7. Bd3 Nbd7 8. 0-0 b6 9. a4 Bb7 10. Bb2 Rc8 11. Rc1 h6 12. h3 c5 13. Ne2 dxc4 14. Bxc4 Nd5 15. Ba3 cxd4 16. Bxe7 Qxe7 17. Nexd4 Nc5 18. Ne5 Nd7 19. Ndf3 Nxe5 20. Nxe5 Rfd8 21. Qe2 Nb4 22. Qg4 Nc6 23. f4 Nxe5 24. fxe5 Bd5 25. Qe2 Bxc4 26. Rxc4 Rxc4 27. Qxc4 Qg5 28. Qf4 Rd2 29. Qxf7+ Kh7 30. Qf3 Qxe5 31. Qf4 Qd5 32. Qf3 Rd3 33. b4 Qe5 34. Re1 Ra3 35. a5 bxa5 36. bxa5 Qxa5 37. Qe4+ Qf5 38. Qc4 Qd5 39. Qc2+ Qd3 40. Qe2 Qxe2 41. Rxe2 g5 42. Kf2 Kg6 43. Kf3 Kf5 44. Rc2 Ra1 45. Rc5+ Kf6 46. Kg4 Ra4+ 47. Kf3 h5 48. g4 hxg4+ 49. hxg4 Ra1 50. Rc8 a5 51. Rf8+ Kg7 52. Re8 Kf7 53. Rb8 a4 54. Ke4 Rg1 55. Rb7+ Kf6 56. Kf3 Rf1+ 57. Ke2 Rg1 58. Kf3 a3 59. Ra7 Ra1 60. e4 a2 61. Ke2 Rg1 0-1

[Event "EU Amateur-ch"]
[Site "Ruzomberok"]
[Date "2016.06.10"]
[Round "6"]
[White "Bargil, Benny"]
[Black "Lukac, Peter"]
[Result "1-0"]
[WhiteElo "1576"]
[BlackElo "1699"]
[PlyCount "61"]
[EventDate "2016.06.06"]
[EventType "swiss"]
[EventRounds "9"]
[EventCountry "SVK"]
[SourceTitle "CBM 172 Extra"]
[Source "ChessBase"]
[SourceDate "2016.06.21"]
[SourceVersion "1"]
[SourceVersionDate "2016.06.21"]
[SourceQuality "1"]

1. d4 Nf6 2. c4 e6 3. Nc3 Bb4 4. a3 Bxc3+ 5. bxc3 Ne4 6. Qc2 d5 7. cxd5 exd5 8. h3 Qf6 9. Nf3 Bf5 10. Qb3 Qc6 11. Bb2 a5 12. e3 a4 13. Qb4 Na6 14. Qb5 Bd7 15. Qxc6 bxc6 16. Ne5 Rb8 17. Bc1 Nxc3 18. Bxa6 Bf5 19. Nxc6 Rb6 20. Nb4 0-0 21. Bd3 Bxd3 22. Nxd3 Rfb8 23. Nb4 f5 24. f3 f4 25. Bd2 Nb5 26. Nxd5 Re6 27. Nxf4 Rd6 28. Bb4 Rc6 29. 0-0 Nd6 30. Nd5 Nc4 31. Ne7+ 1-0

[Event "EU Amateur-ch"]
[Site "Ruzomberok"]
[Date "2016.06.08"]
[Round "4"]
[White "Lukac, Peter"]
[Black "Balvan, Filip"]
[Result "0-1"]
[WhiteElo "1699"]
[BlackElo "1441"]
[PlyCount "74"]
[EventDate "2016.06.06"]
[EventType "swiss"]
[EventRounds "9"]
[EventCountry "SVK"]
[SourceTitle "CBM 172 Extra"]
[Source "ChessBase"]
[SourceDate "2016.06.21"]
[SourceVersion "1"]
[SourceVersionDate "2016.06.21"]
[SourceQuality "1"]

1. e4 d6 2. Bc4 Nf6 3. Nc3 g6 4. Nf3 Bg7 5. d4 0-0 6. h3 c6 7. Be3 Nxe4 8. Bxf7+ Rxf7 9. Nxe4 d5 10. Neg5 Rf8 11. 0-0 h6 12. Qd3 Bf5 13. Qe2 hxg5 14. Bxg5 Be4 15. Nd2 Rf5 16. Qg4 Nd7 17. f3 Bxc2 18. Rae1 Nf6 19. Qh4 Qf8 20. g4 Rxg5 21. Qxg5 Bh6 22. Qe5 Bxd2 23. Re2 Bd3 24. Rxd2 Bxf1 25. Kxf1 Ne4 26. Qe6+ Kh7 27. Re2 Ng3+ 28. Kf2 Nxe2 29. Kxe2 Qf6 30. Qd7 Rf8 31. Kd2 Qf4+ 32. Kc2 Qh2+ 33. Kc1 Qg1+ 34. Kc2 Qf2+ 35. Kc1 Qe1+ 36. Kc2 Rxf3 37. g5 Qe2+ 0-1

[Event "Bratislava Slovan op"]
[Site "Bratislava"]
[Date "2016.05.01"]
[Round "3"]
[White "Hornak, Pavol"]
[Black "Lukac, Peter"]
[Result "1/2-1/2"]
[WhiteElo "1785"]
[BlackElo "1703"]
[PlyCount "59"]
[EventDate "2016.04.30"]
[EventType "swiss"]
[EventRounds "9"]
[EventCountry "SVK"]
[SourceTitle "EXT 2017"]
[Source "ChessBase"]
[SourceDate "2016.10.25"]
[SourceVersion "1"]
[SourceVersionDate "2016.10.25"]
[SourceQuality "1"]

1. d4 d5 2. c4 e6 3. Nf3 Nf6 4. g3 c6 5. Bg2 Be7 6. 0-0 0-0 7. b3 Nbd7 8. Bb2 b6 9. Nbd2 Bb7 10. Re1 h6 11. Qc2 Bb4 12. a3 Be7 13. h3 Rc8 14. Rac1 Nh7 15. Qb1 f5 16. cxd5 cxd5 17. Rxc8 Qxc8 18. Rc1 Qb8 19. Rc2 Rc8 20. Qc1 Rxc2 21. Qxc2 Qc8 22. Qxc8+ Bxc8 23. Bf1 Ng5 24. Nxg5 Bxg5 25. e3 Bf6 26. f4 g5 27. Kf2 gxf4 28. gxf4 Be7 29. Nf3 a5 30. Bd3 1/2-1/2

[Event "Bratislava Slovan op"]
[Site "Bratislava"]
[Date "2016.04.30"]
[Round "1"]
[White "Lukac, Peter"]
[Black "Vrtiakova, Anna"]
[Result "0-1"]
[WhiteElo "1703"]
[BlackElo "1991"]
[PlyCount "82"]
[EventDate "2016.04.30"]
[EventType "swiss"]
[EventRounds "9"]
[EventCountry "SVK"]
[SourceTitle "EXT 2017"]
[Source "ChessBase"]
[SourceDate "2016.10.25"]
[SourceVersion "1"]
[SourceVersionDate "2016.10.25"]
[SourceQuality "1"]

1. d4 d5 2. c4 e6 3. Nc3 Nf6 4. Bg5 Be7 5. e3 0-0 6. Nf3 h6 7. Bh4 Nbd7 8. cxd5 exd5 9. Bd3 b6 10. 0-0 Bb7 11. Rc1 c5 12. dxc5 bxc5 13. b3 Nb6 14. Ne5 Ne4 15. Bxe7 Qxe7 16. Bxe4 dxe4 17. Nc4 Rad8 18. Qh5 Ba6 19. Nxb6 axb6 20. Rfd1 Bd3 21. Nd5 Qa7 22. a4 Rd7 23. Qe5 Rfd8 24. Nf4 Qa5 25. Nxd3 Rxd3 26. Rxd3 exd3 27. Rd1 Qb4 28. Qe7 Rd5 29. Qe8+ Kh7 30. Qb5 Qxb5 31. axb5 d2 32. Kf1 Rd3 33. Ke2 Rxb3 34. Rxd2 Rxb5 35. Rd7 Rb2+ 36. Kf3 f6 37. h4 c4 38. Rc7 b5 39. h5 Rc2 40. g4 b4 41. Ke4 b3 0-1

[Event "Bratislava Dubravan op"]
[Site "Bratislava"]
[Date "2014.08.30"]
[Round "6"]
[White "Moravcik, Peter"]
[Black "Lukac, Peter"]
[Result "0-1"]
[WhiteElo "1676"]
[BlackElo "1700"]
[PlyCount "94"]
[EventDate "2014.08.25"]
[EventType "swiss"]
[EventRounds "7"]
[EventCountry "SVK"]
[SourceTitle "EXT 2023"]
[Source "ChessBase"]
[SourceDate "2022.10.05"]
[SourceVersion "1"]
[SourceVersionDate "2022.10.05"]
[SourceQuality "1"]

1. e4 c5 2. c4 e6 3. Nc3 a6 4. Nf3 Nc6 5. d4 cxd4 6. Nxd4 Qc7 7. Nxc6 bxc6 8. Bd3 Nf6 9. 0-0 Be7 10. Be3 0-0 11. f4 d6 12. Ne2 d5 13. e5 Ng4 14. Nd4 Nxe3 15. Bxh7+ Kh8 16. Qh5 Ng4 17. Bg6+ Nh6 18. Bc2 Bc5 19. Rad1 f5 20. Kh1 Bxd4 21. Rxd4 Qf7 22. Qxf7 Rxf7 23. cxd5 exd5 24. Re1 Be6 25. b4 Rb8 26. a3 g6 27. h3 Rc7 28. Ba4 c5 29. bxc5 Rxc5 30. Rd3 Ng8 31. Bb3 Ne7 32. Red1 Rcb5 33. Ba4 Rc5 34. h4 Kg7 35. Kh2 Rc4 36. Rb3 Rxb3 37. Bxb3 Rxf4 38. Rc1 Rxh4+ 39. Kg1 Re4 40. Rc7 Kf7 41. Ra7 Rxe5 42. Rxa6 d4 43. Bxe6+ Rxe6 44. Ra7 Kf6 45. Rd7 Ke5 46. Kf2 Ke4 47. Ke2 Nd5 0-1

[Event "Bratislava Slovan op"]
[Site "Bratislava"]
[Date "2014.05.02"]
[Round "8"]
[White "Lukac, Peter"]
[Black "Goga, Frantisek"]
[Result "1-0"]
[WhiteElo "1691"]
[BlackElo "1922"]
[PlyCount "119"]
[EventDate "2014.04.26"]
[EventType "swiss"]
[EventRounds "9"]
[EventCountry "SVK"]
[SourceTitle "CBM 160 Extra"]
[Source "ChessBase"]
[SourceDate "2014.07.01"]
[SourceVersion "1"]
[SourceVersionDate "2014.07.01"]
[SourceQuality "1"]

1. d4 Nf6 2. c4 g6 3. Nc3 Bg7 4. e4 d6 5. Be2 0-0 6. Bg5 h6 7. Be3 e5 8. d5 a5 9. Qd2 Kh7 10. f3 Na6 11. a3 Nc5 12. Bxc5 dxc5 13. g4 Ne8 14. h4 Nd6 15. h5 g5 16. 0-0-0 a4 17. Bd3 Bd7 18. Nge2 Qb8 19. Rhg1 b5 20. cxb5 Nxb5 21. Nxb5 Bxb5 22. Bxb5 Qxb5 23. Nc3 Qb6 24. Rg2 Rfd8 25. Qe2 Bf8 26. Qc4 Qa6 27. Qxa6 Rxa6 28. Rc2 Rb8 29. Rdd2 Rb3 30. Rf2 Kg7 31. Nd1 Kf6 32. Rc4 Rd3 33. Rc3 Rxc3+ 34. Nxc3 Ra5 35. Rc2 Ke7 36. Ne2 Kd7 37. Rc4 c6 38. dxc6+ Kxc6 39. Nc3 Ra8 40. Kc2 Rd8 41. Rxa4 Rd4 42. Ra6+ Kd7 43. Nd5 c4 44. Rf6 Ke8 45. Rc6 Kd7 46. Rc7+ Ke6 47. Rc8 Bg7 48. Rg8 Bf6 49. Re8+ Kd6 50. Nxf6 Rd3 51. Rd8+ Ke7 52. Rxd3 cxd3+ 53. Kxd3 Kxf6 54. Kc4 Ke6 55. a4 Kd6 56. a5 Kc6 57. b4 f6 58. a6 Kb6 59. b5 Kc7 60. Kd5 1-0

[Event "Tatry op"]
[Site "Tatranske Zruby"]
[Date "2013.10.05"]
[Round "8"]
[White "Lukac, Peter"]
[Black "Malinovsky, Jozef"]
[Result "0-1"]
[WhiteElo "1682"]
[BlackElo "1834"]
[PlyCount "178"]
[EventDate "2013.09.29"]
[EventType "swiss"]
[EventRounds "9"]
[EventCountry "SVK"]
[SourceTitle "EXT 2023"]
[Source "ChessBase"]
[SourceDate "2022.10.05"]
[SourceVersion "1"]
[SourceVersionDate "2022.10.05"]
[SourceQuality "1"]

1. d4 Nf6 2. c4 e5 3. dxe5 Ng4 4. Nf3 Nc6 5. Bf4 Bb4+ 6. Nbd2 Qe7 7. a3 Bc5 8. e3 Ncxe5 9. Nxe5 Nxe5 10. b4 Bd6 11. c5 Nd3+ 12. Bxd3 Bxf4 13. 0-0 Be5 14. Rb1 0-0 15. Nf3 Bf6 16. Qc2 g6 17. Rbe1 d6 18. cxd6 cxd6 19. Nd2 Be6 20. Rc1 Rac8 21. Qb1 d5 22. Nf3 b6 23. Nd4 Bd7 24. Ba6 Rxc1 25. Rxc1 Bxd4 26. exd4 Rd8 27. Bd3 Qd6 28. Re1 Rc8 29. Rc1 Rf8 30. g3 Qf6 31. Qb2 Qd6 32. Qd2 Qf6 33. Bf1 Re8 34. Bg2 Bb5 35. Bf1 Bxf1 36. Kxf1 Re4 37. Qh6 Re8 38. Qd2 Qf3 39. Kg1 Re2 40. Qf4 Qxf4 41. gxf4 Rd2 42. Rc7 a5 43. bxa5 bxa5 44. Ra7 Rxd4 45. Rxa5 Kg7 46. Kg2 Kf6 47. Kg3 Rd1 48. Ra6+ Kg7 49. a4 Rd3+ 50. f3 h5 51. h4 Rd2 52. Rd6 Kf8 53. a5 Ke7 54. Ra6 Ra2 55. Ra8 d4 56. Ra7+ Ke6 57. Ra6+ Ke7 58. Ra7+ Kf8 59. Rd7 Ra4 60. Rd5 Ke7 61. f5 gxf5 62. Rxf5 Ke6 63. Rxh5 d3 64. Kf2 Ra3 65. Ke1 f5 66. a6 Ke5 67. Rh8 Rxa6 68. Kd2 Rd6 69. Re8+ Kf4 70. Re3 Kg3 71. h5 Rh6 72. Rxd3 Rxh5 73. Ke3 f4+ 74. Ke4 Rh1 75. Rd4 Rh8 76. Kf5 Rf8+ 77. Ke4 Rf7 78. Rc4 Ra7 79. Kf5 Ra8 80. Ke4 Ra5 81. Rb4 Ra3 82. Rb1 Ra4+ 83. Kf5 Kxf3 84. Rf1+ Kg3 85. Rg1+ Kf2 86. Rg4 Ke3 87. Rg8 f3 88. Re8+ Kf2 89. Re7 Kf1 0-1

[Event "Tatry op"]
[Site "Tatranske Zruby"]
[Date "2013.10.02"]
[Round "5"]
[White "Kvassay, Peter"]
[Black "Lukac, Peter"]
[Result "1-0"]
[WhiteElo "2042"]
[BlackElo "1682"]
[PlyCount "29"]
[EventDate "2013.09.29"]
[EventType "swiss"]
[EventRounds "9"]
[EventCountry "SVK"]
[SourceTitle "EXT 2023"]
[Source "ChessBase"]
[SourceDate "2022.10.05"]
[SourceVersion "1"]
[SourceVersionDate "2022.10.05"]
[SourceQuality "1"]

1. d4 d5 2. Nf3 Nf6 3. c4 e6 4. g3 c6 5. Bg2 Be7 6. 0-0 0-0 7. Qc2 Nbd7 8. Nbd2 b6 9. e4 Bb7 10. Rd1 Rc8 11. e5 Ne8 12. a3 f5 13. exf6 Nexf6 14. Ng5 Qe8 15. Nxe6 1-0

[Event "Tatry op"]
[Site "Tatranske Zruby"]
[Date "2013.10.01"]
[Round "3"]
[White "Bednar, Petr"]
[Black "Lukac, Peter"]
[Result "1-0"]
[WhiteElo "1801"]
[BlackElo "1682"]
[PlyCount "37"]
[EventDate "2013.09.29"]
[EventType "swiss"]
[EventRounds "9"]
[EventCountry "SVK"]
[SourceTitle "EXT 2023"]
[Source "ChessBase"]
[SourceDate "2022.10.05"]
[SourceVersion "1"]
[SourceVersionDate "2022.10.05"]
[SourceQuality "1"]

1. d4 d5 2. Nf3 e6 3. e3 Nf6 4. Bd3 Be7 5. 0-0 0-0 6. b3 Nbd7 7. Bb2 c6 8. Nbd2 b6 9. Ne5 Nxe5 10. dxe5 Nd7 11. f4 Nc5 12. Be2 f5 13. Kh1 Bb7 14. g4 Ne4 15. Nxe4 dxe4 16. Bc4 Qxd1 17. Bxe6+ Kh8 18. Raxd1 Bc8 19. gxf5 1-0

[Event "Bratislava Slovan op"]
[Site "Bratislava"]
[Date "2013.04.29"]
[Round "4"]
[White "Lukac, Peter"]
[Black "Illovsky, Michal"]
[Result "1/2-1/2"]
[WhiteElo "1744"]
[BlackElo "1658"]
[PlyCount "49"]
[EventDate "2013.04.27"]
[EventType "swiss"]
[EventRounds "9"]
[EventCountry "SVK"]
[SourceTitle "EXT 2023"]
[Source "ChessBase"]
[SourceDate "2022.10.05"]
[SourceVersion "1"]
[SourceVersionDate "2022.10.05"]
[SourceQuality "1"]

1. d4 Nf6 2. c4 g6 3. Nc3 Bg7 4. e4 d6 5. Be2 0-0 6. Bg5 h6 7. Be3 e5 8. d5 Nbd7 9. Qd2 Kh7 10. h3 Nc5 11. Bf3 a5 12. Nge2 Ng8 13. 0-0 b6 14. Qc2 f5 15. exf5 Bxf5 16. Be4 Nxe4 17. Nxe4 Kh8 18. N2g3 Nf6 19. Nxf5 gxf5 20. Nxf6 Qxf6 21. Bd2 Qh4 22. f4 e4 23. Bc3 Bxc3 24. Qxc3+ Qf6 25. Rac1 1/2-1/2

[Event "Bratislava Slovan op"]
[Site "Bratislava"]
[Date "2013.04.28"]
[Round "3"]
[White "Slobodnik, Michal"]
[Black "Lukac, Peter"]
[Result "1-0"]
[WhiteElo "1817"]
[BlackElo "1744"]
[PlyCount "61"]
[EventDate "2013.04.27"]
[EventType "swiss"]
[EventRounds "9"]
[EventCountry "SVK"]
[SourceTitle "EXT 2023"]
[Source "ChessBase"]
[SourceDate "2022.10.05"]
[SourceVersion "1"]
[SourceVersionDate "2022.10.05"]
[SourceQuality "1"]

1. Nf3 Nf6 2. d4 d5 3. c4 e6 4. Nc3 c6 5. Bg5 Be7 6. e3 Nbd7 7. Bd3 h6 8. Bf4 Nh5 9. Bg3 Nxg3 10. hxg3 dxc4 11. Bxc4 Nb6 12. Bb3 0-0 13. Ne5 Bf6 14. Qg4 Bxe5 15. dxe5 Qg5 16. Qxg5 hxg5 17. Rh5 f6 18. Ke2 Nd5 19. Ne4 Kf7 20. exf6 Nxf6 21. Nd6+ Ke7 22. Nxc8+ Raxc8 23. Rxg5 Ne8 24. Rh1 Rf5 25. Rg6 Rf6 26. Rg4 Rd8 27. f4 Rf7 28. e4 Nc7 29. Rh7 Rg8 30. Rg6 b5 31. f5 1-0

[Event "Bratislava Slovan op"]
[Site "Bratislava"]
[Date "2013.04.27"]
[Round "1"]
[White "Kukucka, Matej"]
[Black "Lukac, Peter"]
[Result "1/2-1/2"]
[WhiteElo "2067"]
[BlackElo "1744"]
[PlyCount "81"]
[EventDate "2013.04.27"]
[EventType "swiss"]
[EventRounds "9"]
[EventCountry "SVK"]
[SourceTitle "EXT 2023"]
[Source "ChessBase"]
[SourceDate "2022.10.05"]
[SourceVersion "1"]
[SourceVersionDate "2022.10.05"]
[SourceQuality "1"]

1. d4 d5 2. c4 e6 3. Nc3 Nf6 4. cxd5 Nxd5 5. e4 Nxc3 6. bxc3 c5 7. Nf3 cxd4 8. cxd4 Nc6 9. a3 a6 10. Bc4 b5 11. Ba2 Be7 12. 0-0 0-0 13. Bb2 Bb7 14. Qd3 Rc8 15. Rad1 Na5 16. Ne5 Bf6 17. f4 Bxe5 18. fxe5 Nc4 19. Bc1 Qb6 20. Kh1 a5 21. Rf4 Ba6 22. Rh4 g6 23. Rh6 f6 24. Qh3 Rc7 25. exf6 Rxf6 26. Bg5 Rf2 27. Bxc4 bxc4 28. Be3 Rf6 29. Qg3 Rcf7 30. h4 Rf1+ 31. Rxf1 Rxf1+ 32. Kh2 Qb1 33. Rxg6+ hxg6 34. Qxg6+ Kf8 35. Bh6+ Ke7 36. Qg7+ Kd6 37. Bf4+ Rxf4 38. Qe5+ Kd7 39. Qg7+ Kd6 40. Qe5+ Kd7 41. Qg7+ 1/2-1/2

[Event "Tatry op"]
[Site "Tatranske Zruby"]
[Date "2012.09.26"]
[Round "5"]
[White "Lukac, Peter"]
[Black "Blizman, Marian"]
[Result "1-0"]
[WhiteElo "1773"]
[BlackElo "1572"]
[PlyCount "38"]
[EventDate "2012.09.23"]
[EventType "swiss"]
[EventRounds "9"]
[EventCountry "SVK"]
[SourceTitle "EXT 2023"]
[Source "ChessBase"]
[SourceDate "2022.10.05"]
[SourceVersion "1"]
[SourceVersionDate "2022.10.05"]
[SourceQuality "1"]

1. d4 d5 2. c4 dxc4 3. Nc3 e5 4. Nf3 exd4 5. Qxd4 Qxd4 6. Nxd4 c6 7. e3 b5 8. a4 a6 9. axb5 Bb7 10. bxc6 Nxc6 11. Nxc6 Bxc6 12. Bxc4 Bxg2 13. Rg1 Bb7 14. Bd5 Bxd5 15. Nxd5 Ra7 16. Rxa6 Rxa6 17. Nc7+ Kd8 18. Nxa6 g6 19. Bd2 Bd6 1-0

[Event "SVK-ch Seniors-B"]
[Site "Tatranske Matliare"]
[Date "2011.05.??"]
[Round "1"]
[White "Jerman, Richard"]
[Black "Lukac, Peter"]
[Result "1-0"]
[WhiteElo "2100"]
[BlackElo "1839"]
[PlyCount "55"]
[EventDate "2011.05.27"]
[EventType "swiss"]
[EventRounds "9"]
[EventCountry "SVK"]
[SourceTitle "EXT 2023"]
[Source "ChessBase"]
[SourceDate "2022.10.05"]
[SourceVersion "1"]
[SourceVersionDate "2022.10.05"]
[SourceQuality "1"]

1. e4 c5 2. Nc3 e6 3. Nge2 Nc6 4. d4 cxd4 5. Nxd4 a6 6. a3 d6 7. Be3 Be7 8. Be2 Nf6 9. 0-0 0-0 10. f4 Qc7 11. Nxc6 bxc6 12. g4 h6 13. Qd2 d5 14. exd5 Nxd5 15. Bd4 Bf6 16. Bxf6 Nxf6 17. Bf3 Rd8 18. Qe3 Nd5 19. Nxd5 cxd5 20. Rf2 Bb7 21. c3 Rac8 22. Rd1 Qb8 23. g5 hxg5 24. fxg5 Rc4 25. Bh5 g6 26. Bxg6 Rg4+ 27. Kf1 fxg6 28. Qxe6+ 1-0

[Event "Tatry op"]
[Site "Tatranske Zruby"]
[Date "2009.09.30"]
[Round "5"]
[White "Janocko, Petr"]
[Black "Lukac, Peter"]
[Result "1-0"]
[WhiteElo "2078"]
[BlackElo "1826"]
[PlyCount "77"]
[EventDate "2009.09.27"]
[EventType "swiss"]
[EventRounds "9"]
[EventCountry "SVK"]
[SourceTitle "EXT 2011"]
[Source "ChessBase"]
[SourceDate "2010.11.26"]
[SourceVersion "1"]
[SourceVersionDate "2010.11.26"]
[SourceQuality "1"]

1. d4 d5 2. c4 e6 3. g3 Nf6 4. Bg2 c6 5. Nf3 Be7 6. 0-0 Nbd7 7. Qc2 h6 8. Bf4 dxc4 9. Qxc4 Nd5 10. Bd2 0-0 11. e4 N5b6 12. Qe2 c5 13. Bc3 Na4 14. Rd1 Nxc3 15. Nxc3 cxd4 16. Nxd4 a6 17. Rac1 Bf6 18. Nb3 Bxc3 19. Rxc3 Qg5 20. f4 Qg6 21. Rc2 Nf6 22. e5 Nd5 23. Rcc1 b6 24. Bxd5 exd5 25. Rxd5 Be6 26. Rd6 Rac8 27. Qd2 Rxc1+ 28. Nxc1 Rc8 29. Rd8+ Rxd8 30. Qxd8+ Kh7 31. a3 Bf5 32. Qd5 Be4 33. Qd4 Qc6 34. Ne2 Qc2 35. Kf2 Bd3 36. Qe3 Bxe2 37. Qxe2 Qc5+ 38. Kf3 Qd5+ 39. Qe4+ 1-0

[Event "SVK-chT2W 9900"]
[Site "Slovakia"]
[Date "1999.??.??"]
[Round "1.8"]
[White "Hagara, Vladimir"]
[Black "Lukac, Peter"]
[Result "1-0"]
[WhiteElo "1984"]
[BlackElo "1732"]
[PlyCount "72"]
[EventDate "1999.11.06"]
[EventType "team-tourn"]
[EventRounds "9"]
[EventCountry "SVK"]
[SourceTitle "EXT 2005"]
[Source "ChessBase"]
[SourceDate "2004.11.15"]
[SourceVersion "1"]
[SourceVersionDate "2004.11.15"]
[SourceQuality "1"]

1. d4 d5 2. c4 e6 3. Nc3 Nf6 4. Bg5 Be7 5. e3 h6 6. Bh4 0-0 7. Nf3 Nbd7 8. Rc1 c5 9. cxd5 exd5 10. Bd3 c4 11. Bb1 a6 12. 0-0 b5 13. a3 Bb7 14. Qc2 Ne4 15. Bg3 f5 16. Be5 Bf6 17. Bxf6 Qxf6 18. Rcd1 Bc6 19. Ne2 Rab8 20. b4 Rbe8 21. Nd2 Qd6 22. Nxe4 fxe4 23. f4 Nf6 24. Qc3 Bd7 25. Rde1 Nh5 26. Bc2 Qg6 27. Bd1 Nf6 28. Qd2 h5 29. Nc3 Qf5 30. Qf2 Ng4 31. Qg3 Rf6 32. h3 Nh6 33. Qh4 g6 34. Nxd5 Qxd5 35. Qxf6 Re6 36. Qg5 Nf7 1-0